| 000 -LEADER |
| fixed length control field |
00790nam a22000977a 4500 |
| 008 - FIXED-LENGTH DATA ELEMENTS--GENERAL INFORMATION |
| fixed length control field |
220131b ||||| |||| 00| 0 eng d |
| 100 ## - MAIN ENTRY--AUTHOR'S NAME |
| Author's Name |
Harris, D. Robin |
| 245 ## - TITLE STATEMENT |
| Title |
Environment Definitive Series, 1977-1987 |
| 260 ## - PUBLICATION, DISTRIBUTION, ETC. (IMPRINT) |
| Place of publication, distribution, etc. |
Canada |
| Name of publisher, distributor, etc. |
author |
| Date of publication, distribution, etc. |
1997 |
| 650 ## - TOPICAL TERM (Tag) |
| Topical term or geographic name |
Canada | Definitive Issues | 1977-1987 | 1977-1979 | 1977-1978 | 1977-1983 | 1982-1987 | 1986 | 20th Century | Stamps -- Histories | Production | Production -- Sheets and Panes | Booklets and Minipacks | 1979 | Vending Machine Booklets | Vending Machines | Booklet Labels | Errors and Varieties | Perforation | Luminescent and Tagged Issues | Paper | Perfins | Precancels | Designs | Se-tenant Issues | Plate Blocks and Numbers | Marginal Markings and Imprints | Coils | 1979 | Catalogs and Price Lists | Postal Rates | British Commonwealth |